Statistics for Fortnite amazing shocking news 😱 (holy moly)

Click here to take the quiz!

General Stats

  • This quiz has been taken 123 times
  • The average score is 2 of 14

Answer Stats

HintAnswer% Correct
FORTNITE WORLD CUP WINNERBUGHA
86%
DID YOU LIE?YES
58%
DO YOU LOVE THIS QUIZ?NO
55%
BEST SKINCHUN-LI
7%
BEST FORTNITE DUOKIWI & JAKEEYY
2%
WHEN DID FORTNITE GET POPULAR1954
1%
WHEN DID FORTNITE CHAPTER 7 RELEASE1999
1%
NOOBIEST SKINDEAUFULT SKINS
1%
COOLEST CLAN IN FORTNITEFAZE AND NRG
1%
WORST FORTNITE YOUTUBERFAZE REPLAYS
1%
WORST FORTNITE DUOMOHAMMED & LEIF
1%
BEST ARSCAR AND OG BURST
1%
WHAT POKEMON HAS THE HIGHEST CPSLAKING FORTNITE CP 5010
1%
BEST SHOTGUNTAC & PUMP
1%

Score Distribution

Percentile by Number Answered

Percent of People with Each Score

Your Score History

You have not taken this quiz